STN EN 13683+A1: 2009 (47 0622) [neplatná], Záhradné stroje. Drviče/sekačky s vlastným motorovým pohonom. Bezpečnosť (Konsolidovaný text)
Táto norma je slovenskou verziou európskej normy EN Preklad zabezpečil Slovenský ústav technickej normalizácie. Má rovnaké postavenie ako majú oficiálne verzie
| Corporate Author: | |
|---|---|
| Other Authors: | |
| Format: | Book |
| Language: | Slovak English |
| PhysicalDescription: | 52 s. obr., tab. 30 cm |
| Published: |
Bratislava
Slovenský ústav technickej normalizácie
2009
|
| Subjects: |
MARC
| LEADER | 00000cam a2200000 a 4500 | ||
|---|---|---|---|
| 001 | vtls009957113 | ||
| 003 | SK-MaSNL | ||
| 005 | 20260302010823.0 | ||
| 008 | 160627s2009 xo a f u 000 0 slo | ||
| 015 | |a SNBN2010/04-02629 | ||
| 020 | |c (cen. skup. 15) | ||
| 040 | |a SNK |b slo |c SNK |e AACR2 | ||
| 041 | 1 | |a slo |h eng | |
| 044 | |a xo |c SK | ||
| 046 | |a m |m 200910 (účin.) |n 201110 | ||
| 072 | 7 | |a 63 |x Poľnohospodárstvo a príbuzné oblasti vedy a techniky |2 konspekt | |
| 080 | |a 631.3.076 |2 2001 | ||
| 080 | |a 006.7/.8 |2 2001 | ||
| 080 | |a (437.6) |2 2001 | ||
| 080 | |a (4) |2 2001 | ||
| 080 | |a 331.45 |2 2001 | ||
| 084 | |a 65.060.70 |2 ICS | ||
| 130 | 0 | |a STN 47 0622 (STN EN 13683+A1) [neplatná] |9 650435 | |
| 245 | 1 | 0 | |a STN EN 13683+A1: 2009 (47 0622) [neplatná], Záhradné stroje. Drviče/sekačky s vlastným motorovým pohonom. Bezpečnosť (Konsolidovaný text) |c spracovateľ INFOVUSAM, Zvolen, Antónia Volčková |
| 246 | 1 | 0 | |a Záhradné stroje |
| 246 | 1 | 0 | |a Drviče/sekačky s vlastným motorovým pohonom |
| 246 | 1 | 0 | |a Bezpečnosť (Konsolidovaný text) |
| 246 | 3 | 0 | |a EN 13683: 2003+A1: 2009 SK |
| 260 | |a Bratislava |b Slovenský ústav technickej normalizácie |c 2009 | ||
| 300 | |a 52 s. |b obr., tab. |c 30 cm | ||
| 500 | |a Táto norma nahrádza STN EN 13683 z novembra 2003 v celom rozsahu. STN EN 13683 z novembra 2003 sa môže súbežne s touto normou používať do 28.12.2009 | ||
| 500 | |a Norma je nahradená normou STN EN 13683+A2 z októbra 2011 v celom rozsahu | ||
| 504 | |a Citované normy, súvisiace právne predpiy . 2 ; literatúra s. 51 | ||
| 520 | 8 | |a Táto norma je slovenskou verziou európskej normy EN Preklad zabezpečil Slovenský ústav technickej normalizácie. Má rovnaké postavenie ako majú oficiálne verzie | |
| 540 | |a STN vydané na akomkoľvek nosiči sa môžu rozmnožovať a rozširovať iba so súhlasom určenej právnickej osoby |b SÚTN Bratislava |c zákon 264/1999 Z.z. | ||
| 650 | 0 | 7 | |a poľnohospodárske stroje |2 SVKBBPH |9 3574 |
| 650 | 0 | 7 | |a drviče |2 SVKBBPH |9 166818 |
| 650 | 0 | 7 | |a sekačky |2 SVKBBPH |9 650436 |
| 650 | 0 | 7 | |a technické normy a štandardy |z Slovensko |2 SVKBBPH |9 79594 |
| 650 | 0 | 7 | |a technické normy a štandardy |z krajiny Európskej únie |2 SVKBBPH |9 289341 |
| 655 | 7 | |a normy |2 SVKBBPH |9 70643 | |
| 700 | 1 | |a Volčková, Antónia |4 trl |9 321902 | |
| 710 | 2 | |a INFOVUSAM (Zvolen, Slovensko) |4 aut |9 298995 | |
| 774 | 1 | 8 | |t STN EN 13683: 2003 |d Bratislava: Slovenský ústav technickej normalizácie, 2003 |w vtls009957113 |
| 774 | 1 | 8 | |t STN EN 13683+A2: 2011 |d Bratislava: Slovenský ústav technickej normalizácie, 2011 |w vtls010316364 |
| 958 | |a OP | ||
| 958 | |a NB | ||
| 999 | |c 1003913 |d 1005843 | ||
| 952 | |a SNK |b SNK |y PREZ |7 0 |p 17A0664759 |o snkSTN EN 13683+A1 D1 |i snk2010/13902 |8 0 |0 0 |1 0 |4 0 |d 2010-06-24 |l 0 |r 2026-02-24 12:28:29 |w 2026-02-24 | ||
| 952 | |a SNK |b SNK |y PREZ |7 0 |p 17A0664760 |o snkSTN EN 13683+A1 |i snk2010/13901 |8 0 |0 0 |1 0 |4 0 |d 2010-06-24 |l 0 |r 2026-02-24 12:28:29 |w 2026-02-24 | ||


